Catalog

Record Details

Catalog Search



80 Years of Zentralblatt MATH 80 Footprints of Distinguished Mathematicians in Zentralblatt  Cover Image E-book E-book

80 Years of Zentralblatt MATH [electronic resource] : 80 Footprints of Distinguished Mathematicians in Zentralblatt / edited by Olaf Teschke, Bernd Wegner, Dirk Werner.

Teschke, Olaf. (Author). Wegner, Bernd. (Added Author). Werner, Dirk. (Added Author). SpringerLink (Online service) (Added Author).

Record details

  • ISBN: 9783642211720
  • Physical Description: V, 194p. 122 illus. digital.
  • Publisher: Berlin, Heidelberg : Springer Berlin Heidelberg, 2011.
Subject: Mathematics.
Mathematics.
Mathematics, general.

Electronic resources


LDR 01115nam a22003135i 4500
0015402
003CONS
00520121024173922.0
007cr nn 008mamaa
008110826s2011 gw | s |||| 0|eng d
020 . ‡a9783642211720 ‡9978-3-642-21172-0
0247 . ‡a10.1007/978-3-642-21172-0 ‡2doi
035 . ‡a(DE-He213)978-3-642-21172-0
050 4. ‡aQA1-939
072 7. ‡aPB ‡2bicssc
072 7. ‡aMAT000000 ‡2bisacsh
1001 . ‡aTeschke, Olaf.
24510. ‡a80 Years of Zentralblatt MATH ‡h[electronic resource] : ‡b80 Footprints of Distinguished Mathematicians in Zentralblatt / ‡cedited by Olaf Teschke, Bernd Wegner, Dirk Werner.
260 . ‡aBerlin, Heidelberg : ‡bSpringer Berlin Heidelberg, ‡c2011.
300 . ‡aV, 194p. 122 illus. ‡bdigital.
650 0. ‡aMathematics.
65014. ‡aMathematics.
65024. ‡aMathematics, general.
7001 . ‡aWegner, Bernd.
7001 . ‡aWerner, Dirk.
7102 . ‡aSpringerLink (Online service)
7730 . ‡tSpringer eBooks
77608. ‡iPrinted edition: ‡z9783642211713
85640. ‡uhttp://dx.doi.org/10.1007/978-3-642-21172-0 ‡9CONS
950 . ‡aMathematics and Statistics (Springer-11649)
901 . ‡a5402 ‡b ‡c5402 ‡tbiblio ‡sSystem Local

Additional Resources